Golfers on golf : witty, colorful, and profound quotations on the game of golf /

Bibliographic Details
Other Authors: MacRury, Downs
Format: Book
Language:English
Published: Santa Monica, CA : General Pub. Group, [1997]
Subjects:

MARC

Tag First Indicator Second Indicator Subfields
LEADER 00000cam a2200000 a 4500
001 in00001728421
005 20151024212642.0
008 970106s1997 cau 001 0 eng
010 |a  97003925  
020 |a 1575440237 
035 |a (OCoLC)ocm36207592 
040 |a DLC  |c DLC  |d TXA  |d UtOrBLW 
049 |a TXAM 
050 0 0 |a GV967  |b .G665 1997 
082 0 0 |a 796.352  |2 21 
245 0 0 |a Golfers on golf :  |b witty, colorful, and profound quotations on the game of golf /  |c selected & edited by Downs MacRury ; foreword by Peter Jacobsen. 
264 1 |a Santa Monica, CA :  |b General Pub. Group,  |c [1997] 
264 4 |c ©1997 
300 |a 160 pages ;  |c 20 cm. 
336 |a text  |b txt  |2 rdacontent 
337 |a unmediated  |b n  |2 rdamedia 
338 |a volume  |b nc  |2 rdacarrier 
536 |a Given in honor of Jacquelyn Nemcik by Henry Nemcik January 2003. 
500 |a Includes index. 
650 0 |a Golf  |v Quotations, maxims, etc. 
650 0 |a Golfers  |x Quotations. 
700 1 |a MacRury, Downs. 
948 |a cataloged  |b h  |c 2003/2/25  |d c  |e eneff  |f 9:29:56 am 
994 |a E0  |b TXA 
999 |a MARS 
999 f f |s fa974b7d-6c59-39e6-8ee5-b4758a3a6922  |i 9329fc56-a821-397d-b6b1-c804fbffe277  |t 0 
952 f f |p normal  |a Texas A&M University  |b College Station  |c Sterling C. Evans Library  |d Evans: Library Stacks  |t 0  |e GV967 .G665 1997  |h Library of Congress classification  |i unmediated -- volume  |m A14829749301 
998 f f |a GV967 .G665 1997  |t 0  |l Evans: Library Stacks